02780 a2200313 4500003000500000005001700005040000900022082001500031100002500046245009100071260003200162300001100194505075600205650004000961942002401001999001901025952012401044952010201168952012401270952012401394952010201518952010201620952012401722952012401846952012401970952012402094952012402218952012402342NUST20230126154704.0 cNust a909.58,NAL aNalder,R.F.H9107812 aThe History of British Army Signals in the Second World War /cMajor Gen: R.F.H Nalder aLondonbRoyal Signalsc1953 a376:p. aThe Years Between the World Wars (Page-1), Outline of the Main Developments in the Early Campaigns (Page-28), Putline of the Main Developments in the Later Campaigns in the West (Page-56), Outline of Developments in South-East Asia, 1943-45 (Page-90), Anglo-American Co-Operation (Page-105), Derection and Control (Page-118), Organization and Manpower (Page-134), Women's Services in Signals (Page-1510, Signal Systems and Traffic (Page-159), Wireless (Page-192), Line Communications (Page-2160, Signal Dispatch and Pigeons (Page-246), Signal Security (Page-252), Air Defence Communications (Page-268), Co- Operation With the Royal Navy and Royal Air Force (Page-281), Signal Equipment (Page-305), Signal Traning (Page-327), General Survey (Page-339). aThe History of British Army9107813 2ddccBKk909.58,NAL c186221d186221 00102ddc4070aMCSbMCScGENd2016-12-12o909.58,NALpMCS29091r2016-12-08w2016-12-12yBKzAlmirah No.58, Shelf No.4 00102ddc40708NFICaMCSbMCSd2016-12-12l0o909.58 NALpMCS29092r2016-12-08w2016-12-12yBK 00102ddc4070aMCSbMCScGENd2016-12-12o909.58,NALpMCS29101r2016-12-08w2016-12-12yBKzAlmirah No.58, Shelf No.4 00102ddc4070aMCSbMCScGENd2016-12-12o909.58,NALpMCS29186r2016-12-08w2016-12-12yBKzAlmirah No.58, Shelf No.4 00102ddc40708NFICaMCSbMCSd2016-12-12l0o909.58 NALpMCS29187r2016-12-08w2016-12-12yBK 00102ddc40708NFICaMCSbMCSd2016-12-12l0o909.58 NALpMCS29188r2016-12-08w2016-12-12yBK 00102ddc4070aMCSbMCScGENd2016-12-12o909.58,NALpMCS29376r2016-12-08w2016-12-12yBKzAlmirah No.58, Shelf No.4 00102ddc4070aMCSbMCScGENd2016-12-12o909.58,NALpMCS30226r2016-12-08w2016-12-12yBKzAlmirah No.58, Shelf No.4 00102ddc4070aMCSbMCScGENd2016-12-12o909.58,NALpMCS30227r2016-12-08w2016-12-12yBKzAlmirah No.58, Shelf No.4 00102ddc4070aMCSbMCScGENd2016-12-12o909.58,NALpMCS30228r2016-12-08w2016-12-12yBKzAlmirah No.58, Shelf No.4 00102ddc4070aMCSbMCScGENd2016-12-12o909.58,NALpMCS30229r2016-12-08w2016-12-12yBKzAlmirah No.58, Shelf No.4 00102ddc4070aMCSbMCScGENd2016-12-12o909.58,NALpMCS30230r2016-12-08w2016-12-12yBKzAlmirah No.58, Shelf No.4